Financial Accounting : Tools for Business Decision Making / (Record no. 1630)

000 -LEADER
fixed length control field 01152cam a2200313 i 4500
001 - CONTROL NUMBER
control field 17397180
003 - CONTROL NUMBER IDENTIFIER
control field OSt
005 - DATE AND TIME OF LATEST TRANSACTION
control field 20150416190621.0
008 - FIXED-LENGTH DATA ELEMENTS--GENERAL INFORMATION
fixed length control field 120723s2013 njua 001 0 eng
010 ## - LIBRARY OF CONGRESS CONTROL NUMBER
LC control number 2012027530
020 ## - INTERNATIONAL STANDARD BOOK NUMBER
International Standard Book Number 9781118162286 (cloth)
020 ## - INTERNATIONAL STANDARD BOOK NUMBER
International Standard Book Number 9781118344262 (looseleaf)
040 ## - CATALOGING SOURCE
Original cataloging agency DLC
Language of cataloging eng
Transcribing agency DLC
Description conventions rda
Modifying agency DLC
042 ## - AUTHENTICATION CODE
Authentication code pcc
050 00 - LIBRARY OF CONGRESS CALL NUMBER
Classification number HF5635.K538 2013
082 00 - DEWEY DECIMAL CLASSIFICATION NUMBER
Classification number 657
Edition number 23
100 1# - MAIN ENTRY--PERSONAL NAME
Personal name Kimmel, Paul D.
245 10 - TITLE STATEMENT
Title Financial Accounting : Tools for Business Decision Making /
Statement of responsibility, etc Paul D. Kimmel, Jerry J. Weygandt, Donald E. Kieso.
250 ## - EDITION STATEMENT
Edition statement Seventh Edition.
260 ## - PUBLICATION, DISTRIBUTION, ETC. (IMPRINT)
Place of publication, distribution, etc USA
Name of publisher, distributor, etc John Wiley & Sons
Date of publication, distribution, etc c2013
300 ## - PHYSICAL DESCRIPTION
Extent 1 volume (various pagings) :
Other physical details illustrations ;
Dimensions 29 cm
500 ## - GENERAL NOTE
General note Includes indexes.
650 #0 - SUBJECT ADDED ENTRY--TOPICAL TERM
Topical term or geographic name as entry element Accounting.
700 1# - ADDED ENTRY--PERSONAL NAME
Personal name Weygandt, Jerry J.
700 1# - ADDED ENTRY--PERSONAL NAME
Personal name Kieso, Donald E.
906 ## - LOCAL DATA ELEMENT F, LDF (RLIN)
a 7
b cbc
c orignew
d 1
e ecip
f 20
g y-gencatlg
942 ## - ADDED ENTRY ELEMENTS (KOHA)
Source of classification or shelving scheme
Koha item type Book
Holdings
Withdrawn status Lost status Source of classification or shelving scheme Damaged status Not for loan Home library Current library Shelving location Date acquired Total Checkouts Full call number Barcode Date last seen Date checked out Copy number Price effective from Koha item type Total Renewals
          Riara University Library Riara University Library General stack 16/04/2015 4 HF5635.K538 2013 5551/15 11/02/2025 05/02/2025 C.1 16/04/2015 Book  
          Riara University Library Riara University Library General stack 12/06/2015 3 HF5635.K538 2013 6407/15 22/03/2023 08/03/2023 C.2 12/06/2015 Book 1

Riara University Library,
P.O. Box 49940-00100,
Nairobi, Kenya.